000
00325nam a2200133Ia 4500
008
151001s9999||||xx |||||||||||||| ||und||
100
_a
राणू
245
_a
जलते पंख
250
_a
1
260
_b
मनोज पॉकेट बुक
260
_c
1986
300
_a
192
365
_b
17
999
_c
965860
_d
965857